| 000 | 01483nam a22003257a 4500 | ||
|---|---|---|---|
| 001 | BR2026000892 | ||
| 003 | BR-BrNA | ||
| 005 | 20260414122133.0 | ||
| 008 | 260414b bl.||||| |||| 00| 0 por d | ||
| 040 |
_aBR-BrBNA _bpor |
||
| 041 | _apor | ||
| 072 | _aB50 | ||
| 090 |
_aB50 _bBR2026000892 |
||
| 100 | 0 |
_4aut. _aFrederico Carlos Hoehne, |
|
| 245 |
_aBotânica e Agricultura no Brasil no Século XVI _cFrederico Carlos Hoehne |
||
| 250 | _a71.ed. | ||
| 260 |
_aSão Paulo, SP (brasil). _bCompanhia Editora Nacional. _c1937 |
||
| 300 | _a410 p. | ||
| 490 |
_aColeção Brasiliana. _vv.71. |
||
| 500 | _aTexto em ortografia antiga. | ||
| 500 | _aObra de caráter histórico sobre o Brasil colonial. | ||
| 520 | _aA obra analisa a vegetação e as práticas agrícolas existentes no Brasil no século XVI, principalmente no período do descobrimento e dos primeiros contatos entre europeus e povos indígenas. Hoehne reúne informações de cronistas, viajantes e estudos botânicos para mostrar que o território brasileiro já possuía uma rica diversidade de plantas nativas e sistemas agrícolas organizados antes da colonização. | ||
| 546 | _aTexto em português com ortografia antiga. | ||
| 650 | _aPLANTA | ||
| 650 | _aTAXONOMIA VEGETAL | ||
| 650 | _a ETNOBOTANICA | ||
| 856 |
_3Disponível na Biblioteca Digital do MAPA. _uhttps://bdor.sibi.ufrj.br/bitstream/doc/153/1/71%20PDF%20-%20OCR%20-%20RED.pdf |
||
| 909 |
_a13/04/2026 _bNonato |
||
| 942 | _cBK | ||
| 999 |
_c341352 _d341352 |
||